000 00622nam a2200277Ia 4500
001 Z_4141
003 CHAP
008 220113s2001 xx 000 0 und d
010 _a167204
040 _cCHAP
090 _aFolleto 588
100 _aHy-Line variedad W-98 : Guía de manejo comercial 2000-2001
_9141357
245 _a/
_cHy-Line
260 _aIowa :
_bHy-Line,
_c2001
300 _a22 p. ; cuad.
440 _a
500 _a
503 _a
650 _aAves de corral
_xManejo
_9141356
901 _aFolleto 588
902 _aA
910 _a2001
942 _cc14
942 _cc14
999 _c167204
_d167204